00410nam a22001217a 4500020001800000082001600018100001900034245013200053250002200185260006500207300000900272563000700281 a9787539995601 a154.63bSIG aFreud, Sigmund a梦的解析》The interpretation of dreams: The Authoritative Translation of the Famous Psychologist Lei Ming cFreud, Sigmund a(Chinese edition) aBeijingbJiangsu phoenix literature and art publishingc2016 a421p aHB